Normal view
MARC view
- Paleontology.
Entry Topical Term
001 - CONTROL NUMBER
- control field: 2428
003 - CONTROL NUMBER IDENTIFIER
- control field: NUST
005 - DATE AND TIME OF LATEST TRANSACTION
- control field: 20170612105621.0
008 - FIXED-LENGTH DATA ELEMENTS
- fixed length control field: 170612|| aca||aabn | a|a d
040 ## - CATALOGING SOURCE
- Original cataloging agency: NUST
- Transcribing agency: NUST
150 ## - HEADING--TOPICAL TERM
- Topical term or geographic name entry element: Paleontology.
670 ## - SOURCE DATA FOUND
- Source citation: Work cat.: (NUST)0: Raup, M. David. 2427, Principles of Paleontology, 2004.
